000 01714cam a2200421La 4500
001 ocn124519130
003 OCoLC
005 20131218074752.0
008 051228s2005 ne b f000 0 fre d
040 _aNNUN
_beng
_cNYDWH
_dOCLCQ
029 1 _aNLGGC
_b298119064
035 _a(OCoLC)124519130
084 _aDHL UNX.1 R3331
_2z
049 _aTZAA
245 0 3 _aLa réforme des Nations unies :
_bavis sur le rapport Annan.
260 _aLa Haye, Les Pays-Bas :
_bAdviesraad Internationale Vraagstukken,
_c2005.
300 _a37 p.
490 1 _aAdvisory reports (Adviesraad Internationale Vraagstukken (Netherlands)) ;
_vno. 41
500 _a"Mai 2005."
500 _a" ... rapport du Secrétaire général des Nations unies intitulé 'Dans une liberté plus grande : développement, sécurité et respect des droits de l'homme pour tous'"--Avant-propos.
504 _aIncludes bibliographical references.
500 _aMaterial type: Govt. documents/publications.
580 _aLibrary also has ed. in English: UNX. 1 R333.
580 _aOriginal cataloguing.
600 1 7 _aAnnan, Kofi.
_2unbisn
610 2 7 _aUN
_xOrganizational reform.
_2unbisn
610 2 7 _aUN. Security Council.
_2unbisn
610 2 7 _aUN System.
_2unbisn
650 1 7 _aINTERGOVERNMENTAL ORGANIZATIONS.
_2unbist
650 1 7 _aORGANIZATIONAL CHANGE.
_2unbist
650 1 7 _aDEVELOPMENT.
_2unbist
650 1 7 _aINTERNATIONAL SECURITY.
_2unbist
650 1 7 _aPREVENTIVE DIPLOMACY.
_2unbist
650 1 7 _aHUMAN RIGHTS.
_2unbist
710 2 _aAdviesraad Internationale Vraagstukken (Netherlands)
830 0 _aAdvisory reports (Adviesraad Internationale Vraagstukken (Netherlands)) ;
_vno. 41.
994 _aC0
_bTZACH
999 _c2834
_d2834